| 000 | 00948nam a22002417a 4500 | ||
|---|---|---|---|
| 999 |
_c20450 _d20450 |
||
| 003 | AR-CdUCM | ||
| 008 | 190422b ||||| |||| 00| 0 spa d | ||
| 020 | _a958-9121-03-9 | ||
| 040 |
_aMUNICIPALIDAD PROVINCIAL DEL CUSCO _cBIBLIOTECA MUNICIPAL DEL CUSCO |
||
| 041 | _heng | ||
| 082 |
_a025.4 / _bL27 |
||
| 100 |
_aLasso de la Vega, J. _942763 |
||
| 245 | _aLa clasificación decimal / | ||
| 260 |
_aMadrid : _bMayfe, _c1950. |
||
| 300 |
_a390 páginas ; _c31 cm. |
||
| 500 | _aMarcas para alfabetizar los nombres de autor de las instrucciones para la catalogación de impresos y de las reglas para la colocación de los libros en los estantes por materias. | ||
| 505 | _aContenido : Concepto y misión de la biblioteca en el momento actual -- La clasificación decimal, crítica del sistema... | ||
| 650 |
_aSistema _97446 |
||
| 650 |
_aClasificación _921385 |
||
| 650 |
_aBibliográfica _942764 |
||
| 942 |
_2ddc _cLIBROS |
||
| 945 | _arcc | ||